000 00630nam a22001817a 4500
999 _c19347
_d19347
008 240223b ||||| |||| 00| 0 eng d
020 _a9781119874799
082 _aDC 478.421
_bH877 2022
100 _aHull, Clifford A.
_953290
245 _aLatin for dummies /
_cClifford A. Hull and Steven R. Perkins
250 _a2nd edition.
260 _aHoboken, NJ :
_bJohn Wiley & Sons, Inc.,
_c©2022.
300 _axi, 413 pages :
_billustrations ;
_c23 cm.
500 _aIncludes appendices and index.
650 _aLatin language
_xSelf-instruction.
_953291
700 _aPerkins, Steven R.
_eauthor.
_953292
942 _2ddc
_cDC